Información, lenguaje, comunicación
Guardado en:
| Autor principal: | |
|---|---|
| Formato: | Libro |
| Lenguaje: | Undetermined |
| Publicado: |
Barcelona, España
Gustavi Gili
1977
|
| Materias: | |
| Etiquetas: |
Agregar Etiqueta
Sin Etiquetas, Sea el primero en etiquetar este registro!
|
MARC
| LEADER | 00000nam a2200000Ia 4500 | ||
|---|---|---|---|
| 008 | 170316s9999 xx 000 0 und d | ||
| 090 | |a 410 P-12i | ||
| 100 | |a Pignatari, Décio | ||
| 245 | |a Información, lenguaje, comunicación | ||
| 260 | |a Barcelona, España | ||
| 260 | |b Gustavi Gili | ||
| 260 | |c 1977 | ||
| 300 | |a 98 páginas | ||
| 650 | |a LINGÜÍSTICA | ||
| 999 | |c 18650 |d 18650 | ||
| 040 | |a cru BVZT | ||
| 942 | |c 15 D |h 410 P-12i |2 z | ||
